000 01673nam0a2200361 4500
001 RU\NLR\bibl\1172428
005 20250615085746.0
010 _a978-5-8285-0360-5
_9350
021 _aRU
_b2007-79218
_94264
035 _a(NLR Aleph) 001159111
090 _a1526098
_c1526098
100 _a20071226d2007 |||y0rusy50 ca
101 0 _arus
102 _aRU
105 _ay |||||||||
200 1 _aСправедливость как принцип права
_e(историко-теоретический аспект)
_fА.В. Деревесников
_gМ-во образования и науки Рос. Федерации, Федер. агентство по образованию, Костром. гос. технол. ун-т
210 _aКострома
_cИзд-во КГТУ
_d2007
215 _a125 с.
_d20
225 1 _aСерия "Труды ученых юридического института КГТУ"
300 _aНа 125-й с. авт.: Деревесников А.В. - к.ю.н., доц.
300 _aНа обл.: 75 лет КГТУ
320 _aБиблиогр.: с. 96-104 (191 назв.) и в подстроч. прим.
606 1 _aСправедливость в праве
_yРоссийская Федерация
_92309660
_3RU\NLR\auth\661382349
606 1 _aПраво
_xПринципы
_92396109
_3RU\NLR\auth\661428608
686 _aХ01
686 _aХ62-2
700 1 _aДеревесников
_bА. В.
_gАлександр Владимирович
_4070
801 0 _aRU
_bNLR
_c20071226
_gRCR
801 1 _aRU
_bNLR
_c20071226
830 _aАвт. по кн.
942 _cBOOK
980 _aNB